000 01221cam a2200361Ia 4500
001 123916647
003 OCoLC
005 20220429105016.0
008 070502s2003 sp a j 000 1 spa d
020 _a9788434811676
_q(pbk.)
020 _a8434811677
_q(pbk.)
035 _a(OCoLC)123916647
040 _aBKX
_cBKX
_dOCLCG
_dSO$
041 1 _aspa
_hger
092 _aHECK
100 1 _aHeck, Elisabeth,
_d1925-
_eauthor.
240 1 0 _aJunge Drache.
_lSpanish.
245 1 0 _aMiguel y el dragon /
_cElisabeth Heck ; ilustraciones de Eckart Straube ; [traduccion, Jesus Larriba].
260 _aMadrid :
_bEdiciones SM,
_cc1983.
300 _a64 p. :
_bill. ;
_c19 cm.
490 1 _aEl Barco de vapor ;
_v2.
500 _aTranslation of: Der junge Drache.
500 _a"Primeros lectores"--P. [4] of cover.
520 _aMiguel brings joy to the life of a very unhappy dragon who is looking for a friend.
546 _aText in Spanish.
650 0 _aDragons
_vJuvenile fiction.
650 0 _aFriendship
_vJuvenile fiction.
650 0 _aKindness
_vJuvenile fiction.
650 0 _aDragons
_vJuvenile fiction.
700 1 _aStraube, Eckart.
830 0 _aBarco de vapor.
_pSerie blanca
_v2.
942 _cBK
_2ddc
999 _c26983
_d26983